000
00277nam a2200121Ia 4500
005
20251222143300.0
008
251222s9999||||xx |||||||||||||| ||spa||
020
_a
9972-618-56-0
082
_a
370.71/T22
245
0
_a
La Docencia Revalorada:
264
_b
Tarea
942
_c
LIB
999
_c
15308
_d
15308